Statistiques concernant Clubs de football français de Ligue 1 à National 2016-2017

Cliquez ici pour prendre le quiz!

Statistiques générales

  • Ce quiz a été pris 1 168 fois
  • Le résultat moyen est 39 sur 58

Statistiques - réponses

DivisionClub% Correct
Ligue 1Paris Saint-Germain FC
100%
Ligue 1Olympique de Marseille
98%
Ligue 1Olympique Lyonnais
97%
Ligue 1Lille OSC
96%
Ligue 1FC Nantes
94%
Ligue 1FC Girondins de Bordeaux
94%
Ligue 1AS Monaco FC
93%
Ligue 1Toulouse FC
93%
Ligue 1OGC Nice
93%
Ligue 1Stade Rennais FC
92%
Ligue 2RC Strasbourg-Alsace
91%
Ligue 1AS Saint-Étienne
89%
NationalParis FC
88%
Ligue 1Montpellier HSC
88%
Ligue 2RC Lens
86%
Ligue 1FC Metz
86%
Ligue 2AC Ajaccio
85%
Ligue 2Gazélec Ajaccio
85%
NationalCA Bastia
84%
Ligue 1SC Bastia
84%
Ligue 2Stade Brestois 29
83%
NationalGS Marseille-Consolat
83%
NationalAS Lyon-Duchère
83%
Ligue 1Angers SCO
81%
Ligue 1FC Lorient
81%
Ligue 1Dijon FCO
81%
Ligue 1SM Caen
81%
Ligue 1AS Nancy-Lorraine
80%
Ligue 1EA Guingamp
80%
Ligue 2Amiens SC
78%
Ligue 2Stade de Reims
76%
Ligue 2AJ Auxerre
73%
Ligue 2Nîmes Olympique
71%
Ligue 2Le Havre AC
66%
Ligue 2Valenciennes FC
66%
Ligue 2FC Sochaux-Montbéliard
65%
Ligue 2ES Troyes AC
63%
Ligue 2Clermont Foot 63
62%
Ligue 2US Orléans LF
61%
Ligue 2Red Star FC
61%
Ligue 2Tours FC
61%
NationalUS Quevilly-Rouen
55%
Ligue 2Chamois Niortais FC
51%
NationalLB Châteauroux
48%
Ligue 2Stade Lavallois MFC
48%
NationalCS Sedan-Ardennes
42%
NationalUS Boulogne CO
39%
NationalUSL Dunkerque
38%
NationalUS Créteil-Lusitanos
37%
NationalPau FC
34%
Ligue 2Football Bourg-en-Bresse Péronnas
32%
NationalAS Béziers
28%
NationalFC Chambly
27%
NationalLes Herbiers VF
25%
NationalSAS Épinal
21%
NationalUS Avranches-Mont-Saint-Michel
20%
NationalUS Concarnoise
19%
NationalASM Belfort FC
14%

Distribution des résultats

Percentile par nombre de réponses

% des personnes avec chaque résultat

Votre développement - résultats

Vous n’avez pas pris ce quiz